Inside The gestapo / (Record no. 187256)
[ view plain ]
| 000 -LEADER | |
|---|---|
| fixed length control field | 00970 a2200169 4500 |
| 003 - CONTROL NUMBER IDENTIFIER | |
| control field | NUST |
| 005 - DATE AND TIME OF LATEST TRANSACTION | |
| control field | 20230201121728.0 |
| 040 ## - CATALOGING SOURCE | |
| Transcribing agency | Nust |
| 082 ## - DEWEY DECIMAL CLASSIFICATION NUMBER | |
| Classification number | 943,KOE |
| 100 ## - MAIN ENTRY--PERSONAL NAME | |
| Personal name | Koehler, Hansjurgen |
| 9 (RLIN) | 108357 |
| 245 ## - TITLE STATEMENT | |
| Title | Inside The gestapo / |
| Statement of responsibility, etc. | Hansjurgen Koehler |
| 260 ## - PUBLICATION, DISTRIBUTION, ETC. | |
| Place of publication, distribution, etc. | London |
| Name of publisher, distributor, etc. | Pallas Pub |
| Date of publication, distribution, etc. | 1940 |
| 300 ## - PHYSICAL DESCRIPTION | |
| Extent | 286:p. |
| 505 ## - FORMATTED CONTENTS NOTE | |
| Formatted contents note | The Birth Of The Gestapo (Page-13), The Masters Of The Gestapo (Page-26), He Must Be Kidnapped (Page-43), Middle In The Saar (Page-50), Hansi And Ring (Page-67), Hell On Earth (Page-75), The Hunted Hunter (Page-86), Goering In Danger (Page-99), St Bartholomew’s Night-In The 20th Century (Page-113), A Handsome Pole (Page-126), The Fatal File (Page-140), A Thousand Eyes, A Thousand Ears (Page-167), King Carol’s Troubles (Page-183), The Gentle Art Of Murder (Page-210), The Gestapo In Spain (Page-237), I Guard Hitler (Page-267), Odds-And The End (Page-278). |
| 650 ## - SUBJECT ADDED ENTRY--TOPICAL TERM | |
| Topical term or geographic name entry element | Inside The gestapo |
| 9 (RLIN) | 108358 |
| 942 ## - ADDED ENTRY ELEMENTS (KOHA) | |
| Source of classification or shelving scheme | |
| Koha item type | Book |
| Call number prefix | 943,KOE |
| Withdrawn status | Lost status | Source of classification or shelving scheme | Damaged status | Not for loan | Permanent Location | Current Location | Shelving location | Date acquired | Full call number | Barcode | Date last seen | Price effective from | Koha item type | Public note |
|---|---|---|---|---|---|---|---|---|---|---|---|---|---|---|
| Military College of Signals (MCS) | Military College of Signals (MCS) | General Stacks | 12/12/2016 | 943,KOE | MCS29511 | 12/08/2016 | 12/12/2016 | Book | Almirah No.60, Shelf No.5 |
